000 00422nam a22001577a 4500
020 _a9788130919645
082 _a535 PAL
100 _aPal, Bishnu
245 _aFrontiers in optics and photonics
260 _aNew Delhi, India
_bViva Books
_c2012
300 _a256 p.
_bill. ;
500 _aIncludes index.
650 _a1. Optics --Textbooks. 2. Photonics --Textbooks.
700 _aPal, Bishnu [at. all]
942 _cBK
999 _c12473
_d12473